02366 2200313 4500001002100000005001500021035002000036007000300056008004100059020001800100082001100118084001700129100003000146245008800176250000600264300003100270650001700301502002700318504002800345505004600373520148900419264003701908336002101945337003001966338002301996990001102019990001102030990001102041INLIS00000000002383920260422100144 a0010-0426000036ta260422 g 0 ind  a9786230106712 a303.34 a303.34 DAS s0 aDasep SuryantoePengarang1 aSpeak to Lead :b28 Strategi Komunikasi Pemimpin untuk Mencapai Tujuan Kepemimpinan aI axiv + 194 halaman ;c23 cm 4aKepemimpinan aIndeks 183-189 halaman aBibliografi 191 halaman a1. The Person 2. The Message 3. The Way aSejumlah aktivitas utama pemimpin, sangat memerlukan kemampuan komunikasi. Speak to Lead, memperjelas pentingnya peranan komunikasi untuk mendukung pencapaian tujuan pemimpin. Apa yang selama ini kurang disadari tentang faktor kegagalan pemimpin dalam mencapai tujuan-tujuan penting kepemimpinan, semakin terlihat jelas bahwa sumber masalah utamanya adalah gagal melakukan komunikasi pemimpin yang efektif. Pemimpin efektif dan komunikasi efektif adalah hal yang tak terpisahkan. Kemampuan komunikasi akan memperkuat kemampuan pemimpin mencapai tujuan kepemimpinannya. Sebaliknya, kemampuan komunikasi yang lemah, juga merupakan titik lemah yang mengakibatkan banyak pemimpin tidak efektif. Segala sesuatu yang tidak berjalan lancar, macet, bahkan berbagai kegagalan eksekusi strategi, seringkali penyebabnya adalah komunikasi pemimpin yang tidak efektif. Speak to Lead, menyampaikan tentang bagaimana seharusnya pemimpin berbicara. Buku ini membagikan 28 strategi komunikasi pemimpin yang dikelompokkan dalam 3 bagian utama, yaitu: The Person, menyampaikan 3 kualitas diri pemimpin yang layak didengar. The Message, menyampaikan 12 pesan komunikasi yang harus disampaikan pemimpin. The Way, menyampaikan 13 cara komunikasi pemimpin yang efektif. Apa pun tujuan kepemimpinan Anda, Anda memerlukan kemampuan komunikasi pemimpin untuk mencapainya. Speak to Lead, memberikan inspirasi terpenting mengenai berbicara sebagai pemimpin untuk mencapai tujuan kepemimpinan Anda. aYogyakarta :bANDI OFFSET,c2022 2rdacontentaTeks 2rdamediaaTanpa Perantara 2rdacarrieraLembar a078238 a078239 a078240